Páginas olvidadas / (Registro nro. 17336)
[ vista simple ]
| 000 -CABECERA | |
|---|---|
| campo de control de longitud fija | 00710nam a2200217 a 4500 |
| 001 - NÚMERO DE CONTROL | |
| campo de control | 000017811 |
| 005 - FECHA Y HORA DE LA ÚLTIMA TRANSACCIÓN | |
| campo de control | 20240412074248.0 |
| 008 - DATOS DE LONGITUD FIJA--INFORMACIÓN GENERAL | |
| campo de control de longitud fija | 100406s1944 dr 000 0 spa d |
| 040 ## - FUENTE DE LA CATALOGACIÓN | |
| Centro catalogador/agencia de origen | DO-SdBNP |
| Lengua de catalogación | spa |
| Centro/agencia transcriptor | BNPHU |
| 082 ## - NÚMERO DE LA CLASIFICACIÓN DECIMAL DEWEY | |
| Número de clasificación | RD868.3 |
| Número de documento/Ítem | D353p |
| 049 ## - FONDOS LOCALES (OCLC) | |
| Fondos de biblioteca | BNPD |
| 100 1# - ENTRADA PRINCIPAL--NOMBRE DE PERSONA | |
| Nombre de persona | Deligne, Gastón F. |
| 9 (RLIN) | 38707 |
| 245 10 - MENCIÓN DE TÍTULO | |
| Título | Páginas olvidadas / |
| Mención de responsabilidad, etc. | Gastón F. Deligne. |
| 260 ## - PUBLICACIÓN, DISTRIBUCIÓN, ETC. | |
| Lugar de publicación, distribución, etc. | Ciudad Trujillo : |
| Nombre del editor, distribuidor, etc. | Editora Montalvo, |
| Fecha de publicación, distribución, etc. | 1944. |
| 300 ## - DESCRIPCIÓN FÍSICA | |
| Extensión | 307 p. ; |
| Dimensiones | 25 cm. |
| 490 0# - MENCIÓN DE SERIE | |
| Mención de serie | Colección E. Rodríguez Demorizi |
| 500 ## - NOTA GENERAL | |
| Nota general | Incluye notas al pie de las páginas |
| 500 ## - NOTA GENERAL | |
| Nota general | Centenario de la República Dominicana 1844-1944 |
| 650 #0 - PUNTO DE ACCESO ADICIONAL DE MATERIA--TÉRMINO DE MATERIA | |
| Término de materia o nombre geográfico como elemento de entrada | Literatura dominicana. |
| 9 (RLIN) | 67 |
| 830 #0 - PUNTO DE ACCESO ADICIONAL DE SERIE-TÍTULO UNIFORME | |
| Título uniforme | Colección E. Rodríguez Demorizi |
| 9 (RLIN) | 38708 |
| Estado de retiro | Estado de pérdida | No para préstamo | Código de colección | Localización permanente | Ubicación/localización actual | Ubicación en estantería | Fecha de adquisición | Número de inventario | Total de préstamos | Signatura topográfica completa | Código de barras | Fecha visto por última vez | Precio válido a partir de | Tipo de ítem Koha | Número de copia |
|---|---|---|---|---|---|---|---|---|---|---|---|---|---|---|---|
| Patrimonio Dominicano | General | General | Orden iniciada | 08.08.2019 | LF1 | RD868.3 D353p | 17811-30 | 25.06.2020 | 25.06.2020 | Libro y Folleto Colección Patrimonio Dominicano | |||||
| Excluido de préstamo | Patrimonio Dominicano | Patrimonio Dominicano | Patrimonio Dominicano | En catalogación | 06.04.2010 | LF1 | RD868.3 D353p | 17811-10 | 25.06.2020 | 25.06.2020 | Libro y Folleto Colección Patrimonio Dominicano | ||||
| Excluido de préstamo | Patrimonio Dominicano | Patrimonio Dominicano | Patrimonio Dominicano | En catalogación | 06.04.2010 | LF1 | RD868.3 D353p | 17811-20 | 25.06.2020 | 25.06.2020 | Libro y Folleto Colección Patrimonio Dominicano | e.2 |
